00414nam a2200145Ia 450000500170000000800410001702000180005808200230007610000220009924500580012125000120017926000440019130000120023565000210024720250415173558.0231217s9999 xx 000 0 und d a9788131419489 a658.3153 JEG;1 R aJegadeesan, G ed. 0aIndustrial relations : global and indian perspectives a1st ed. c2008bIcfai University pressaHyderabad axi, 251 arelations,global